| 000 | 00822nam a2200289Mi 4500 | ||
|---|---|---|---|
| 001 | 53176 | ||
| 005 | 20230410143338.0 | ||
| 008 | 060515s2006 sp 000 0 spa d | ||
| 035 | _a(OCoLC)ocm69675894 | ||
| 040 |
_aPL# _bspa _cPL# _dDRFGD |
||
| 020 | _a8497728467 | ||
| 020 | _a9788497728461 | ||
| 029 | 0 |
_aPL# _b060009916 |
|
| 035 | _a(OCoLC)69675894 | ||
| 049 | _aGRAL | ||
| 050 | 1 | 4 | _aS194s 2006 |
| 100 | 1 |
_aSan Miguel Pérez, Enrique, _d1964- |
|
| 245 | 1 | 3 |
_aEl siglo de la democracia cristiana / _cEnrique San Miguel Pérez. |
| 260 |
_aMadrid : _bDykinson, _c[2006]. |
||
| 300 |
_a238 p. ; _c24 cm. |
||
| 504 | _aBibliografía: p. [229]-238. | ||
| 653 | _aDemocracia cristiana. | ||
| 938 |
_aPuvill Libros _bPUVL _n8497728467 _c$33.76 |
||
| 942 |
_2lcc _cbk |
||
| 946 | _almminaya | ||
| 994 |
_aC0 _bDRFGD |
||
| 999 |
_c100000 _d100000 |
||